000 00836na a2200253 4500
001 20402
003 MIRAKIL
005 20181213154957.0
008 170119b tu 000 0
040 _aMilas
_btur
_cTR-AnCHP
041 _atur
082 _a368.4
_bS67 2004
090 _a368.4 S67 2004
245 _aSosyal güvenlik sisteminde reform önerisi'ne ilişkin DİSK'in değerlendirme raporu
_cDİSK; yayına hazırlayan H. Ergün İşeri
260 _aAnkara
_bDİSK
_c2004
300 _a43 s.
_c18 sm.
490 _aDİSK Yayınları
_v45
650 _aSSK
_xDüzenlemeler
_yRaporlar
650 _aSosyal sigorta
_xReformlar
_yRaporlar
650 _aSosyal güvenlik
_xÖneriler
_yRaporlar
700 _aİşeri, H. Ergün
710 _aTürkiye Devrimci İşçi Sendikaları Konfederasyonu (DİSK)
942 _2dcc
_cBKS
999 _c4214
_d4214